Premier League Players by Picture - Letter B - Statistics

General Stats
  • This quiz has been taken 32 times
  • The average score is 16 of 24
Answer Stats
Picture Answer % Correct
Gareth Bale
100%
David Beckham
96%
Dimitar Berbatov
96%
Mario Balotelli
96%
Dennis Bergkamp
93%
Michael Ballack
93%
Jarrod Bowen
82%
Nicklas Bendtner
82%
Ross Barkley
75%
Asmir Begović
68%
Patrick Bamford
68%
Ryan Babel
68%
Hatem Ben Arfa
64%
Leighton Baines
64%
Wilfried Bony
64%
Steve Bruce
61%
Christian Benteke
57%
Craig Bellamy
57%
Gareth Barry
50%
Jack Butland
50%
Yannick Bolasie
39%
Jimmy Bullard
36%
Jan Bednarek
32%
Titus Bramble
14%
No matching quizzes found
Score Distribution
Percent of People with Each Score
Percentile by Number Answered
Your Score History
You have not taken this quiz